Missing Word: Famous Bodies of Water Quiz Stats

 Plays Quiz Updated Apr 22, 2021

Support Sporcle.
Go Orange.
Score 0/15 Timer 03:00
0 Plays Today
Body of Water Missing Word % Correct
Caspian _____Sea
99.6%
Pearl _____Harbor
99.2%
Atlantic _____Ocean
99.1%
Mississippi _____River
99%
_____ of MexicoGulf
97.8%
Panama _____Canal
97.2%
_____ NessLoch
96.4%
English _____Channel
95.2%
Body of Water Missing Word % Correct
_____ TiticacaLake
92%
_____ of BengalBay
88.7%
_____ of GibraltarStrait
81.5%
Puget _____Sound
80.7%
Walden ____Pond
69.3%
Great Australian _____Bight
20%
Perito Moreno _____Glacier
12.4%

Today's Daily Dose

Word Ladder
Emancipation Day

Quick Pick
SNL Quotes

Get the Picture
June Holidays

You're not logged in!

Compare scores with friends on all Sporcle quizzes.
OR
Log In

From the Vault

Opening Day Lineups: Twins

by lineupquizzes

For the 2010 season, we look back on the last 20 years: Twins Edition.
Remove Ads.
Support Sporcle.
Get the best of Sporcle when you Go Orange. This ad-free experience offers more features, more stats, and more fun while also helping to support Sporcle. Thank you for becoming a member.

Show Comments

Extras

Top Quizzes Today


Score Distribution

Your Account Isn't Verified!

In order to create a playlist on Sporcle, you need to verify the email address you used during registration. Go to your Sporcle Settings to finish the process.

Report this User

Report this user for behavior that violates our Community Guidelines.

Details: